|
|
|
|
| LEADER |
00000nam a22000007a 4500 |
| 005 |
20160121124750.0 |
| 007 |
cr|||| ||u| |
| 008 |
160121s2015 sp ||||| |||| 00||0 spa d |
| 020 |
|
|
|a 978-84-944426-5-0
|
| 035 |
|
|
|a 13048
|
| 040 |
|
|
|a vLex
|
| 090 |
|
|
|c 5826
|d 5826
|
| 100 |
1 |
|
|a Martn̕ez Rodrg̕uez, Jos ̌Antonio
|
| 245 |
1 |
3 |
|a La Proteccin̤ Penal del Territorio y el Urbanismo
|h [Recurso electrn̤ico] /
|c Jos ̌Antonio Martn̕ez Rodrg̕uez
|
| 256 |
|
|
|a Servicio en ln̕ea
|
| 260 |
|
|
|a Barcelona
|b J.M. Bosch Editor
|c 2015
|
| 300 |
|
|
|a 1 recurso electrn̤ico (514 pg̀s).
|
| 506 |
1 |
|
|a Contenido solo disponible en los productos indicados
|d vLex Global
|d vLex Global (Academic Edition, excluding Law Schools)
|d vLex Global (U.S. Academic Edition, Law Schools)
|d vLex Global (U.S. Academic Edition, excluding Law Schools)
|d vLex Global (Academic Edition, Law Schools)
|
| 650 |
0 |
4 |
|a Derecho
|z Barcelona
|
| 740 |
0 |
|
|a vLex libros (servicio en ln̕ea)
|
| 856 |
4 |
0 |
|u http://vlex.com/source/proteccion-penal-territorio-urbanismo-13048
|z Acceso restringido
|
| 942 |
|
|
|c BOOK
|
| 999 |
0 |
|
|a Law
|